Category Elimination: Given Names #2 - Statistics

General Stats
  • This quiz has been taken 49 times
  • The average score is 12 of 20
Answer Stats
Hint Answer % Correct
Girls' names that are also flowers
100%
First names of Harry Potter characters
89%
... with no more than 6 letters
89%
... which are usually purple flowers
87%
... which is traditionally a nickname or short form of another name
87%
... that belong to a member of the Weasley family
80%
Country names also used as baby names
80%
... which belong to a country in Asia
74%
... that ends in the letter A
70%
... with a connection to "Gone With The Wind"
59%
... and is also the name of a US state Georgia
54%
... found in the first half of the alphabet
48%
One of Jim Bob and Michelle Duggar's 19 children
48%
... and contains the name of a colour Fred
46%
... which have made the USA Top 1000 girls' name list since 1980
41%
... which is a girls' name
30%
... whose final letter is a consonant
28%
... and is also the name of a human body part Iris
26%
... which is the letter R
20%
... and is the name of a plant usually starting with the letter G Jinger
15%
No matching quizzes found
Score Distribution
Percent of People with Each Score
Percentile by Number Answered
Your Score History
You have not taken this quiz